[Event "13sen.WMH 2003 Senioren"]
[Site "Bad Zwischenahn(17.11.-29.11.2003)"]
[Date "2003.11.29"]
[Round "4"]
[White "Szymaniak, Horst"]
[Black "Ahlberg, Guenter"]
[Result "1-0"]
[WhiteElo "2007"]
[BlackElo "1932"]
[PlyCount "123"]


1. e4 c6 2. d4 d5 3. Nc3 dxe4 4. Nxe4 Bf5 5. Ng3 Bg6 6. Nf3 Nd7 7. h4 h6 8. h5
Bh7 9. Bd3 Bxd3 10. Qxd3 e6 11. Bd2 Ngf6 12. Qe2 Qc7 13. O-O-O O-O-O 14. Ne5
Nb6 15. Ba5 Rd5 16. Bxb6 axb6 17. Ne4 Nxe4 18. Qxe4 Bd6 19. Nf3 Be7 20. Kb1 b5
21. Ne5 Bf6 22. Ng4 Qe7 23. Ne3 Rd7 24. f4 Rhd8 25. c3 b4 26. Nc4 Kc7 27. f5 e5
28. Rhe1 Rd5 29. Rc1 Re8 30. dxe5 Bxe5 31. Ne3 Rd2 32. Nc4 Rd5 33. Re2 f6 34.
Ne3 Rd7 35. cxb4 Kb8 36. Nc2 Red8 37. g4 Qd6 38. a4 Qc7 39. Qc4 Rd3 40. Re4 Rd2
41. b5 R8d6 42. Re3 Qd7 43. b6 R6d5 44. Rb3 Rd1 45. Rxd1 Rxd1+ 46. Ka2 Qd5 47.
Rb4 Qxc4+ 48. Rxc4 Rd2 49. a5 Kc8 50. Ka3 Rd5 51. b4 Kd7 52. Ka4 Kd6 53. Na3
Bb2 54. b5 Rd3 55. Nc2 cxb5+ 56. Kxb5 Rd5+ 57. Kb4 Rd2 58. a6 Ke7 59. Rc7+ Ke8
60. a7 Rd8 61. Rxb7 Be5 62. Rxg7 1-0

[Event "13sen.WMH 2003 Senioren"]
[Site "Bad Zwischenahn(17.11.-29.11.2003)"]
[Date "2003.11.29"]
[Round "4"]
[White "Till, Heinz"]
[Black "Grasmik, Waldemar"]
[Result "0-1"]
[WhiteElo "1363"]
[BlackElo "1506"]
[PlyCount "64"]


1. e4 d5 2. exd5 Qxd5 3. Nc3 Qd8 4. b4 a6 5. Bb2 e6 6. a3 b5 7. d3 Bb7 8. Nf3
Nd7 9. Be2 Ngf6 10. O-O h5 11. d4 Ng4 12. Qd3 Bd6 13. Ne4 Bd5 14. Nxd6+ cxd6
15. c4 Bxc4 16. Qd2 Nb6 17. h3 Rc8 18. hxg4 hxg4 19. Ng5 Bxe2 20. Nxf7 Kxf7 21.
Qf4+ Ke8 22. Rfc1 Rxc1+ 23. Rxc1 Qh4 24. f3 Nc4 25. Ba1 g5 26. Qxg4 Qxg4 27.
fxg4 Bxg4 28. a4 Kd7 29. a5 Rf8 30. d5 e5 31. Rc2 Bh5 32. g3 Rf3 0-1

[Event "13sen.WMH 2003 Senioren"]
[Site "Bad Zwischenahn(17.11.-29.11.2003)"]
[Date "2003.11.29"]
[Round "4"]
[White "Titz, Herbert"]
[Black "Schwarz, Werner[40Fürth]"]
[Result "1-0"]
[WhiteElo "1949"]
[BlackElo "1725"]
[PlyCount "65"]


1. d4 Nf6 2. c4 e5 3. e3 exd4 4. exd4 Bb4+ 5. Bd2 Bxd2+ 6. Qxd2 O-O 7. Bd3 d5
8. c5 Re8+ 9. Ne2 Ne4 10. Bxe4 Rxe4 11. Nbc3 Re8 12. O-O c6 13. Rfe1 Be6 14.
Nf4 Nd7 15. Re2 Nf6 16. Nxe6 Rxe6 17. Rxe6 fxe6 18. Re1 Qd7 19. Qf4 Rf8 20. f3
Ne4 21. Qe3 Nxc3 22. Qxc3 Qf7 23. Qe3 Re8 24. f4 Qf5 25. h3 h5 26. Kh2 Kf7 27.
Qf3 Rh8 28. Re5 Qg6 29. f5 exf5 30. Rxf5+ Ke7 31. Qf4 Rd8 32. Qc7+ Ke8 33. Re5+
1-0

[Event "13sen.WMH 2003 Senioren"]
[Site "Bad Zwischenahn(17.11.-29.11.2003)"]
[Date "2003.11.29"]
[Round "4"]
[White "Trifunovic, Dusan"]
[Black "Bitzer, Dieter"]
[Result "1-0"]
[WhiteElo "1869"]
[BlackElo "1735"]
[PlyCount "111"]


1. e4 e5 2. d4 exd4 3. Qxd4 Nc6 4. Qe3 b6 5. Nc3 Bb7 6. Bc4 Ne5 7. Bb3 Nf6 8.
h3 Bc5 9. Qe2 a5 10. Bg5 Ba6 11. Qd2 h6 12. Bxf6 Qxf6 13. Nd5 Qd8 14. O-O-O c6
15. Ne3 b5 16. c3 a4 17. Bc2 Qe7 18. Nf5 Qf6 19. f4 Nc4 20. Qxd7+ Kf8 21. e5
Qe6 22. Qxe6 fxe6 23. Nd4 Kf7 24. Be4 Ne3 25. Rd3 Bxd4 26. cxd4 Nd5 27. Bxd5
cxd5 28. Nf3 Rac8+ 29. Rc3 b4 30. Rxc8 Rxc8+ 31. Kd2 Kg6 32. g4 Bc4 33. Rc1 b3
34. a3 Kf7 35. f5 Ke7 36. Rc3 Rf8 37. Nh4 Re8 38. Ng2 Rf8 39. Ne3 Rc8 40. Nxc4
dxc4 41. Ke3 Kf7 42. Ke4 Ke7 43. fxe6 Kxe6 44. d5+ Ke7 45. Ke3 g5 46. Kd4 Rf8
47. Rxc4 Rf2 48. d6+ Kd8 49. Rxa4 Rxb2 50. e6 Rd2+ 51. Ke5 Kc8 52. d7+ Kd8 53.
Ra8+ Kc7 54. Rc8+ Kb7 55. d8=Q Rxd8 56. Rxd8 1-0

[Event "13sen.WMH 2003 Senioren"]
[Site "Bad Zwischenahn(17.11.-29.11.2003)"]
[Date "2003.11.29"]
[Round "4"]
[White "Villing, Dieter"]
[Black "Opl, Klaus,Dr."]
[Result "1/2-1/2"]
[WhiteElo "2170"]
[BlackElo "2258"]
[PlyCount "25"]


1. e4 e5 2. Bc4 Nf6 3. d3 c6 4. Nf3 d5 5. Bb3 Bd6 6. Nc3 dxe4 7. Ng5 O-O 8.
Ngxe4 Be7 9. O-O Nbd7 10. Qe2 Nxe4 11. Nxe4 Nf6 12. Nxf6+ Bxf6 13. Bd2 1/2-1/2

[Event "13sen.WMH 2003 Senioren"]
[Site "Bad Zwischenahn(17.11.-29.11.2003)"]
[Date "2003.11.29"]
[Round "4"]
[White "Viner, Phillip"]
[Black "Fanenbruck, Guenter"]
[Result "1/2-1/2"]
[WhiteElo "2127"]
[BlackElo "1593"]
[PlyCount "82"]


1. d4 d6 2. e4 Nf6 3. Nc3 e5 4. Nf3 Nbd7 5. Bc4 Be7 6. O-O O-O 7. Re1 c6 8. a4
Nb6 9. Bb3 a5 10. dxe5 dxe5 11. Qxd8 Bxd8 12. Nxe5 Bc7 13. Nd3 Re8 14. h3 Be6
15. Bxe6 Rxe6 16. Nc5 Re7 17. Nd3 Rae8 18. Bg5 Nbd7 19. Rad1 h6 20. Bf4 Bxf4
21. Nxf4 g5 22. Nfe2 Nxe4 23. Nxe4 Rxe4 24. Rxd7 Rxe2 25. Rxe2 Rxe2 26. Rxb7
Rxc2 27. g3 Kg7 28. Rb6 h5 29. Kg2 g4 30. hxg4 hxg4 31. b4 axb4 32. Rxb4 f5 33.
Rb6 Ra2 34. Ra6 Kf7 35. Kf1 Ke7 36. Rxc6 Rxa4 37. Ke2 Ra2+ 38. Ke3 Ra3+ 39. Kd4
Rf3 40. Rc2 Kd6 41. Rd2 Ra3 1/2-1/2

[Event "13sen.WMH 2003 Senioren"]
[Site "Bad Zwischenahn(17.11.-29.11.2003)"]
[Date "2003.11.29"]
[Round "4"]
[White "Wagner, Carl[40USA]"]
[Black "Ziltener, Werner"]
[Result "1-0"]
[WhiteElo "2099"]
[BlackElo "1967"]
[PlyCount "49"]


1. e4 e5 2. Bc4 Nf6 3. d3 Be7 4. Nc3 O-O 5. f4 d6 6. Nf3 Nc6 7. O-O exf4 8.
Bxf4 Bg4 9. h3 Bxf3 10. Qxf3 Ne5 11. Bxe5 dxe5 12. g4 h6 13. Kh1 Qd7 14. Qg3
Bd6 15. Rf5 Nh7 16. Raf1 Ng5 17. h4 Ne6 18. g5 Kh7 19. Rxf7 Rxf7 20. g6+ Kh8
21. Rxf7 Qe8 22. Nd5 Nf4 23. Ne3 Rd8 24. Nf5 Bf8 25. Nxh6 1-0

[Event "13sen.WMH 2003 Senioren"]
[Site "Bad Zwischenahn(17.11.-29.11.2003)"]
[Date "2003.11.29"]
[Round "4"]
[White "Wallhof, Dieter"]
[Black "Ivanets, Vladimir"]
[Result "0-1"]
[WhiteElo "1986"]
[BlackElo "2270"]
[PlyCount "104"]


1. e4 a6 2. d4 b5 3. Nd2 e6 4. g3 Bb7 5. Bg2 Nf6 6. Qe2 Be7 7. c3 d6 8. Ngf3
O-O 9. O-O Nbd7 10. e5 dxe5 11. dxe5 Nd5 12. Nb3 c5 13. h4 a5 14. Qc2 a4 15.
Nbd2 Qc7 16. Re1 Rfc8 17. Ne4 Nxe5 18. Nxe5 Qxe5 19. Bg5 Qc7 20. Rad1 h6 21.
Bxe7 Qxe7 22. f4 Qc7 23. Qf2 Ra6 24. f5 e5 25. Qe2 c4 26. Nf2 Nf6 27. Qxe5 Bxg2
28. Qxc7 Rxc7 29. Kxg2 a3 30. Rd2 Rd7 31. Ree2 axb2 32. Rxb2 Rd5 33. g4 h5 34.
g5 Ng4 35. Nxg4 hxg4 36. Kg3 Rxf5 37. Kxg4 Rd5 38. Re8+ Kh7 39. Rb8 Re6 40.
R2xb5 Re4+ 41. Kf3 Rxb5 42. Rxb5 Rxh4 43. Kg3 Rh1 44. Rc5 Kg6 45. Kg4 Rg1+ 46.
Kh4 Rh1+ 47. Kg4 Rg1+ 48. Kh4 Rc1 49. Rc6+ Kf5 50. Rc5+ Ke4 51. Rxc4+ Kf3 52.
Kh5 Rh1+ 0-1

[Event "13sen.WMH 2003 Senioren"]
[Site "Bad Zwischenahn(17.11.-29.11.2003)"]
[Date "2003.11.29"]
[Round "4"]
[White "Wanner, Georges"]
[Black "Schueler, Wolfgang[36Lichtb]"]
[Result "1-0"]
[WhiteElo "1680"]
[BlackElo "1937"]
[PlyCount "55"]


1. e4 e5 2. Bc4 Nc6 3. c3 Nf6 4. d3 Bc5 5. b4 Bb6 6. Nf3 d6 7. Bg5 h6 8. Bh4
Qe7 9. a4 a6 10. O-O Bg4 11. Nbd2 g5 12. Bg3 h5 13. h4 Nh7 14. Qb3 Rf8 15. a5
Ba7 16. b5 axb5 17. Bxb5 Bd7 18. a6 Rb8 19. Rfb1 Nd8 20. Bxd7+ Qxd7 21. axb7
Rxb7 22. Qc2 c6 23. Rxb7 Qxb7 24. hxg5 Ne6 25. Nc4 Qd7 26. Nxd6+ Qxd6 27. Rxa7
Nhxg5 28. Nxe5 1-0

[Event "13sen.WMH 2003 Senioren"]
[Site "Bad Zwischenahn(17.11.-29.11.2003)"]
[Date "2003.11.29"]
[Round "4"]
[White "Weller, Friedhelm"]
[Black "Jahr, Dieter,Dr."]
[Result "0-1"]
[WhiteElo "1704"]
[BlackElo "1895"]
[PlyCount "72"]


1. e4 c5 2. Nc3 Nc6 3. Nf3 d6 4. h3 g6 5. Bb5 Bd7 6. d3 Bg7 7. O-O Nf6 8. Ne2
O-O 9. c3 Qc7 10. Ba4 a6 11. Bc2 b5 12. Ng3 b4 13. d4 bxc3 14. bxc3 cxd4 15.
cxd4 Nb4 16. Bb3 Bb5 17. Re1 Rfc8 18. a4 Bc4 19. Ba3 a5 20. Rc1 Bxb3 21. Qxb3
Qb7 22. e5 Nfd5 23. exd6 exd6 24. Ne4 Qb6 25. Bxb4 Nxb4 26. Neg5 d5 27. Rxc8+
Rxc8 28. Re7 Rc1+ 29. Kh2 Qd6+ 30. Ne5 Bxe5+ 31. Rxe5 f6 32. Nf3 fxe5 33. dxe5
Qc5 34. Kg3 Rc2 35. Qe3 Qxe3 36. fxe3 Nc6 0-1

[Event "13sen.WMH 2003 Senioren"]
[Site "Bad Zwischenahn(17.11.-29.11.2003)"]
[Date "2003.11.29"]
[Round "4"]
[White "Werl, Wolfgang"]
[Black "Simon, Eberhard[30Berlin]"]
[Result "0-1"]
[WhiteElo "1758"]
[BlackElo "1773"]
[PlyCount "64"]


1. d4 Nf6 2. Nf3 e6 3. Bf4 d5 4. e3 a6 5. Bd3 c5 6. c3 Nc6 7. Nbd2 Be7 8. Rc1
c4 9. Bb1 b5 10. Ne5 Bb7 11. O-O O-O 12. Ndf3 Rc8 13. Nxc6 Bxc6 14. Ne5 b4 15.
Qc2 bxc3 16. bxc3 Qa5 17. Nxc6 Rxc6 18. Be5 g6 19. h3 Nd7 20. Bg3 f5 21. f3 Ba3
22. Rcd1 Nb6 23. e4 Na4 24. exd5 exd5 25. Be1 Re8 26. Bd2 Rb6 27. Rde1 Reb8 28.
Bh6 Rb2 29. Qxf5 gxf5 30. Bxf5 Kf7 31. Be6+ Kg6 32. Bc1 Rxa2 0-1

[Event "13sen.WMH 2003 Senioren"]
[Site "Bad Zwischenahn(17.11.-29.11.2003)"]
[Date "2003.11.29"]
[Round "4"]
[White "Wernitz, Armin"]
[Black "Buss, Richard"]
[Result "0-1"]
[WhiteElo "1456"]
[BlackElo "1404"]
[PlyCount "54"]


1. d4 Nf6 2. Nf3 d5 3. c4 c6 4. e3 Bf5 5. Nc3 h6 6. cxd5 cxd5 7. Bb5+ Nc6 8.
Ne5 Bd7 9. Nxd7 Qxd7 10. O-O a6 11. Qa4 Rc8 12. Bd3 e6 13. a3 Be7 14. b4 O-O
15. b5 axb5 16. Bxb5 Ra8 17. Qb3 Qc8 18. Bd2 Na5 19. Qb2 Nc4 20. Bxc4 dxc4 21.
Rfc1 Qd7 22. a4 Rfc8 23. f3 Nd5 24. e4 Nb4 25. Rd1 Nd3 26. Qc2 Qxd4+ 27. Kh1
Nf2+ 0-1

[Event "13sen.WMH 2003 Senioren"]
[Site "Bad Zwischenahn(17.11.-29.11.2003)"]
[Date "2003.11.29"]
[Round "4"]
[White "Wolffram, Gert"]
[Black "Oelert, Ralf"]
[Result "1/2-1/2"]
[WhiteElo "1794"]
[BlackElo "1944"]
[PlyCount "78"]


1. d4 Nf6 2. Nf3 d5 3. e3 e6 4. Bd3 c6 5. O-O Bd6 6. Nbd2 Qc7 7. e4 dxe4 8.
Nxe4 Nbd7 9. Nxd6+ Qxd6 10. c3 h6 11. h3 b6 12. Qe2 Bb7 13. Ne5 c5 14. Nxd7
Nxd7 15. Be3 O-O 16. Rad1 Qc6 17. Qg4 Nf6 18. Qg3 Nh5 19. Qh2 cxd4 20. cxd4
Rad8 21. Be2 Nf6 22. Bf3 Qd7 23. Bxb7 Qxb7 24. Qg3 Kh7 25. Rc1 Nd5 26. a3 Rd7
27. Rc2 Rc8 28. Rfc1 Rdc7 29. Rxc7 Rxc7 30. Rxc7 Qxc7 31. Qxc7 Nxc7 32. Kf1 Kg6
33. Ke2 h5 34. Kd3 Kf5 35. b4 b5 36. d5 exd5 37. Bxa7 Ne6 38. Bb8 g5 39. Bd6 g4
1/2-1/2

[Event "13sen.WMH 2003 Senioren"]
[Site "Bad Zwischenahn(17.11.-29.11.2003)"]
[Date "2003.11.29"]
[Round "4"]
[White "Zschorsch, Peter"]
[Black "Baumgartner, Heinz"]
[Result "0-1"]
[WhiteElo "1837"]
[BlackElo "2307"]
[PlyCount "52"]


1. d4 d5 2. e3 Nf6 3. Bd3 c5 4. b3 Nc6 5. c3 e5 6. dxe5 Nxe5 7. Bb5+ Bd7 8.
Bxd7+ Qxd7 9. Nf3 Bd6 10. Bb2 O-O-O 11. Nxe5 Bxe5 12. Nd2 Rhe8 13. Qf3 Ne4 14.
Nxe4 dxe4 15. Qe2 Qd3 16. Rc1 Re6 17. Qxd3 Rxd3 18. Ke2 Ra6 19. a3 Rb6 20. b4
Rbd6 21. Rhd1 c4 22. h3 b5 23. f3 f5 24. f4 Bf6 25. g4 g5 26. Rxd3 Rxd3 0-1

[Event "13sen.WMH 2003 Senioren"]
[Site "Bad Zwischenahn(17.11.-29.11.2003)"]
[Date "2003.??.??"]
[Round "4.1"]
[White "Klovans, Janis"]
[Black "Rahls, Peter"]
[Result "1/2-1/2"]
[WhiteElo "2465"]
[BlackElo "2331"]
[PlyCount "69"]


1. e4 c5 2. Nf3 e6 3. d4 cxd4 4. Nxd4 a6 5. Bd3 Nf6 6. O-O d6 7. c4 Nbd7 8. Nc3
b6 9. Be3 Bb7 10. f3 Be7 11. Rc1 O-O 12. Kh1 Re8 13. Qd2 Rc8 14. b3 h6 15. Rfd1
Bf8 16. Qf2 g5 17. Nde2 Nh5 18. Na4 Nc5 19. Nxc5 dxc5 20. g4 Ng7 21. h4 e5 22.
hxg5 hxg5 23. Bc2 Qe7 24. Qh2 Qf6 25. Kg2 Ne6 26. Rh1 Bg7 27. Ng3 Rcd8 28. Nf5
Nf4+ 29. Kf2 Bc8 30. Qh7+ Kf8 31. Rcd1 Bxf5 32. Qxf5 Rxd1 33. Rxd1 Qh6 34. Bxf4
exf4 35. Rd7 1/2-1/2

[Event "13sen.WMH 2003 Senioren"]
[Site "Bad Zwischenahn(17.11.-29.11.2003)"]
[Date "2003.??.??"]
[Round "4.3"]
[White "Zakharchenko, Arnold"]
[Black "Chepukaitis, Genrikh"]
[Result "0-1"]
[WhiteElo "2331"]
[BlackElo "2420"]
[PlyCount "122"]


1. e4 g6 2. d4 Bg7 3. c4 Nc6 4. Be3 e5 5. d5 Nd4 6. Ne2 c5 7. dxc6 dxc6 8. Nbc3
Be6 9. b3 Ne7 10. Qd2 Qa5 11. O-O-O Rd8 12. Qb2 O-O 13. Kb1 f5 14. f3 a6 15.
Nc1 b5 16. c5 Qc7 17. Rd2 Rd7 18. Be2 Rfd8 19. Rhd1 a5 20. Bf1 h6 21. h3 Kh7
22. Nd3 a4 23. b4 Bc4 24. Qc1 Ng8 25. Nb2 Be6 26. Nd3 Bc4 27. Nb2 Bf7 28. Nd3
Qc8 29. Ne1 Nf6 30. Bd3 fxe4 31. Bxe4 Nxe4 32. Nxe4 Bd5 33. Nd3 Nf5 34. Bf2 Rf8
35. Ne1 Rdf7 36. Nc2 Qe6 37. Qa3 Ne7 38. Re1 Kg8 39. Nd6 Rf4 40. Nd4 Qf6 41.
Ne2 g5 42. Nxf4 Qxf4 43. Be3 Qg3 44. Red1 Qh4 45. Bf2 Qf4 46. Be3 Qf6 47. Ne4
Qg6 48. Qd3 Bf7 49. Qd6 Nf5 50. Qxg6 Bxg6 51. Bf2 Nd4 52. Bxd4 exd4 53. Rxd4
Bxd4 54. Rxd4 a3 55. Kc1 Bf7 56. Nc3 Bc4 57. h4 Bf1 58. hxg5 Bxg2 59. gxh6 Rxf3
60. Nxb5 Rf1+ 61. Kc2 Rf2+ 0-1

[Event "13sen.WMH 2003 Senioren"]
[Site "Bad Zwischenahn(17.11.-29.11.2003)"]
[Date "2003.??.??"]
[Round "4.4"]
[White "Zhelesny, Stanislaw"]
[Black "Donchenko, Anatoli"]
[Result "1-0"]
[WhiteElo "2228"]
[BlackElo "2378"]
[PlyCount "53"]


1. d4 Nf6 2. Nf3 e6 3. c4 d5 4. Bg5 dxc4 5. Qa4+ Nbd7 6. Nc3 Be7 7. e3 O-O 8.
Qxc4 a6 9. Bd3 b5 10. Qc6 Ra7 11. Bxf6 gxf6 12. Qe4 f5 13. Qf4 Bd6 14. Qh6 Qf6
15. Qh3 b4 16. Ne2 c5 17. g4 cxd4 18. exd4 Kh8 19. gxf5 e5 20. Rg1 Rg8 21. Kd2
Bf8 22. Rxg8+ Kxg8 23. Rg1+ Kh8 24. Ng5 Bh6 25. f4 Nf8 26. dxe5 Qb6 27. Qh5 1-0

[Event "13sen.WMH 2003 Senioren"]
[Site "Bad Zwischenahn(17.11.-29.11.2003)"]
[Date "2003.??.??"]
[Round "4.5"]
[White "Reichenbach, Werner"]
[Black "Hecht, Hans-Joachim"]
[Result "1/2-1/2"]
[WhiteElo "2294"]
[BlackElo "2384"]
[PlyCount "36"]


1. e4 e5 2. Nf3 Nc6 3. Bb5 Nf6 4. O-O Bc5 5. c3 O-O 6. d4 Bb6 7. Bg5 h6 8. Bxf6
Qxf6 9. Bxc6 Qxc6 10. Nxe5 Qxe4 11. Nd2 Qd5 12. Ndc4 d6 13. Ne3 Qe4 14. N5c4
Qd5 15. Nd2 Qf5 16. Nec4 Qd5 17. a4 a6 18. Ne5 Qe4 1/2-1/2

[Event "13sen.WMH 2003 Senioren"]
[Site "Bad Zwischenahn(17.11.-29.11.2003)"]
[Date "2003.??.??"]
[Round "4.6"]
[White "Katalymov, Boris"]
[Black "Asmundsson, Ingvar"]
[Result "0-1"]
[WhiteElo "2381"]
[BlackElo "2402"]
[PlyCount "110"]


1. d4 f5 2. Nf3 e6 3. g3 Nf6 4. Bg2 d5 5. O-O Bd6 6. c4 c6 7. Nc3 O-O 8. c5 Bc7
9. Bf4 Bxf4 10. gxf4 Ne4 11. Qc1 b5 12. Ne5 Nf6 13. b4 a5 14. bxa5 Qxa5 15. a3
Bd7 16. a4 b4 17. Nb1 Na6 18. Nd2 Rfb8 19. Nb3 Qc7 20. a5 Bc8 21. Kh1 Ne4 22.
Bxe4 fxe4 23. f3 exf3 24. Rxf3 Bd7 25. Qc2 Rf8 26. Rg1 Be8 27. Rh3 Rf5 28. Rg5
Bg6 29. Nxg6 hxg6 30. Rxg6 Qxf4 31. Rf3 Qh4 32. Rxf5 exf5 33. Qd3 Qe1+ 34. Rg1
Qf2 35. Nd2 Re8 36. Rf1 Qxe2 37. Qxf5 Qe6 38. Qf4 Qe7 39. Qg3 Qe3 40. Qd6 Qxd2
41. Qxc6 Qe2 42. Qxd5+ Qe6 43. Qg2 Qe4 44. c6 Qxd4 45. Qa2+ Kh7 46. Qf7 Qe4+
47. Rf3 Qb1+ 48. Rf1 Qg6 49. Qd7 Qe4+ 50. Kg1 Re6 51. Rf3 Rxc6 52. Rh3+ Rh6 53.
Rxh6+ Kxh6 54. Qh3+ Kg5 55. Qd7 Qg4+ 0-1

[Event "13sen.WMH 2003 Senioren"]
[Site "Bad Zwischenahn(17.11.-29.11.2003)"]
[Date "2003.??.??"]
[Round "4.7"]
[White "Klein, Manfred[40Siegb]"]
[Black "Boehnisch, Manfred"]
[Result "0-1"]
[WhiteElo "2137"]
[BlackElo "2350"]
[PlyCount "48"]


1. e4 c6 2. d4 d5 3. e5 Bf5 4. Be2 e6 5. Nf3 c5 6. O-O Nc6 7. Be3 cxd4 8. Nxd4
Nxd4 9. Bxd4 Ne7 10. f4 Nc6 11. Bf2 g5 12. Nd2 gxf4 13. Nf3 Rg8 14. Kh1 Be4 15.
Qd2 Bh6 16. Bh4 Bxf3 17. Bxd8 Bxg2+ 18. Kg1 Be4+ 19. Kf2 Rg2+ 20. Ke1 f3 21.
Qxh6 Rxe2+ 22. Kd1 Bxc2+ 23. Kc1 Nxe5 24. Qd2 Rc8 0-1

[Event "13sen.WMH 2003 Senioren"]
[Site "Bad Zwischenahn(17.11.-29.11.2003)"]
[Date "2003.??.??"]
[Round "4.8"]
[White "Piankov, Evgenij"]
[Black "Sanakoev, Grigory"]
[Result "0-1"]
[WhiteElo "2370"]
[BlackElo "2310"]
[PlyCount "80"]


1. d4 Nf6 2. e3 e6 3. Bd3 c5 4. c3 Nc6 5. f4 d6 6. Nf3 e5 7. Bb5 e4 8. Nfd2 d5
9. dxc5 Bxc5 10. Nb3 Qb6 11. Bxc6+ bxc6 12. Nxc5 Qxc5 13. Qd4 Qe7 14. b3 c5 15.
Qa4+ Bd7 16. Qa5 O-O 17. O-O Rfb8 18. Na3 Rb6 19. c4 d4 20. Qd2 d3 21. Bb2 Ng4
22. h3 Nh6 23. f5 Nxf5 24. Rf4 Ng3 25. Rf2 Rg6 26. Kh2 Qd6 27. Rf4 Re8 28. Nb5
Bxb5 29. cxb5 Ne2 30. Raf1 Rge6 31. Kh1 Nxf4 32. Rxf4 f6 33. Rf1 a6 34. bxa6
Qxa6 35. Qc3 Qb5 36. Kg1 Qb4 37. Kf2 Qxc3 38. Bxc3 Ra6 39. Ra1 c4 40. bxc4 Rc8
0-1

[Event "13sen.WMH 2003 Senioren"]
[Site "Bad Zwischenahn(17.11.-29.11.2003)"]
[Date "2003.??.??"]
[Round "4.9"]
[White "Fahnenschmidt, Gerhard,Dr."]
[Black "Arkhangelsky, Boris"]
[Result "0-1"]
[WhiteElo "2087"]
[BlackElo "2269"]
[PlyCount "68"]


1. d4 d5 2. c4 e6 3. Nc3 c6 4. e4 Bb4 5. Bd3 dxe4 6. Bxe4 Nf6 7. Bc2 c5 8. Nf3
cxd4 9. Nxd4 Nc6 10. Be3 O-O 11. O-O e5 12. Ndb5 Be6 13. Qe2 a6 14. Rfd1 Qe7
15. Bg5 Bg4 16. f3 axb5 17. Nd5 Qc5+ 18. Be3 Nxd5 19. cxd5 Nd4 20. Rxd4 exd4
21. Bf2 Bh5 22. Bb3 Bg6 23. Qd1 Rad8 24. a3 Ba5 25. Bxd4 Qd6 26. Kh1 Rfe8 27.
Qf1 Bb6 28. Bc3 Re3 29. Bb4 Bc5 30. Qxb5 Bxb4 31. axb4 Rxb3 32. Qxb7 Rb8 33.
Ra8 Rf8 34. Ra7 h5 0-1

[Event "13sen.WMH 2003 Senioren"]
[Site "Bad Zwischenahn(17.11.-29.11.2003)"]
[Date "2003.11.29"]
[Round "4.10"]
[White "Litvinov, Vladimir"]
[Black "Karl, Hans[35SUI]"]
[Result "0-1"]
[WhiteElo "2370"]
[BlackElo "2280"]
[PlyCount "136"]


1. e4 e5 2. Nf3 Nc6 3. Bb5 a6 4. Ba4 Nf6 5. O-O Nxe4 6. d4 b5 7. Bb3 d5 8. dxe5
Be6 9. Nbd2 Nc5 10. c3 Be7 11. Bc2 Bg4 12. h3 Bh5 13. Qe1 O-O 14. Nd4 Qd7 15.
N2b3 Nxb3 16. Bxb3 Bg6 17. e6 Qd6 18. exf7+ Rxf7 19. Qe6 Nxd4 20. Qxd6 Ne2+ 21.
Kh1 Bxd6 22. Bxd5 Re8 23. a4 Kf8 24. Bxf7 Bxf7 25. axb5 axb5 26. Bd2 Nf4 27.
Bxf4 Bxf4 28. Rfe1 Bd6 29. Kg1 Bc4 30. g3 Kf7 31. Rxe8 Kxe8 32. Kg2 Kf7 33. Kf3
h5 34. g4 h4 35. Ke4 g5 36. Ra5 Bf4 37. b3 Bxb3 38. Rxb5 Bc2+ 39. Kd4 Ke6 40.
Ra5 Bb3 41. c4 Bd1 42. Ra6+ Ke7 43. Ra3 Be2 44. Kd5 Bf1 45. c5 Bg2+ 46. Kd4 Ke6
47. Kc4 c6 48. Kd4 Bc1 49. Rd3 Bb2+ 50. Ke3 Bd5 51. Rd1 Ke5 52. Re1 Ba3 53.
Kd3+ Kf4 54. Kd4 Bb2+ 55. Kd3 Bg7 56. Re3 Bg2 57. Re7 Bf1+ 58. Kd2 Be5 59. Ke1
Bxh3 60. f3 Bc3+ 61. Ke2 Kg3 62. Re3 Bd4 63. Rd3 Bxc5 64. f4+ Kxf4 65. Rxh3 Bd4
66. Kf1 c5 67. Kg2 c4 68. Ra3 c3 0-1

[Event "13sen.WMH 2003 Senioren"]
[Site "Bad Zwischenahn(17.11.-29.11.2003)"]
[Date "2003.11.29"]
[Round "4.11"]
[White "Ofstad, Per"]
[Black "Uhlmann, Wolfgang"]
[Result "1/2-1/2"]
[WhiteElo "2180"]
[BlackElo "2393"]
[PlyCount "51"]


1. Nf3 Nf6 2. c4 c5 3. Nc3 g6 4. g3 Nc6 5. Bg2 d6 6. d4 cxd4 7. Nxd4 Bd7 8. O-O
Qc8 9. Nd5 Bg7 10. Nxf6+ Bxf6 11. Be3 Ne5 12. Rc1 Ng4 13. Qb3 Nxe3 14. Qxe3 Qc5
15. Rfd1 O-O 16. b3 Rab8 17. Qd2 Rfd8 18. e3 h5 19. b4 Qc7 20. Re1 h4 21. a4 a6
22. a5 Kg7 23. Nb5 Qc8 24. Na7 Qc7 25. Nb5 Qc8 26. Na7 1/2-1/2

[Event "13sen.WMH 2003 Senioren"]
[Site "Bad Zwischenahn(17.11.-29.11.2003)"]
[Date "2003.??.??"]
[Round "4.12"]
[White "Shabanov, Yuri"]
[Black "Tchetchelnitski, Boris"]
[Result "1-0"]
[WhiteElo "2443"]
[BlackElo "2139"]
[PlyCount "113"]


1. e4 e6 2. d4 d5 3. Nc3 Bb4 4. Qd3 dxe4 5. Qxe4 Nf6 6. Qh4 Bd7 7. Bd3 Bc6 8.
f3 Nbd7 9. Nge2 Qe7 10. Bd2 Nd5 11. Qf2 a6 12. a3 Bxc3 13. Nxc3 Nxc3 14. Bxc3
b5 15. Qg3 O-O-O 16. O-O Nb6 17. Qxg7 h5 18. Bb4 Qd7 19. a4 Rhg8 20. Qe5 Qxd4+
21. Qxd4 Rxd4 22. axb5 axb5 23. Bc5 Ra4 24. b3 Rxa1 25. Rxa1 Kb7 26. Kf2 Rg5
27. Be3 Re5 28. h4 Rd5 29. g4 Nc8 30. Be4 Rd8 31. Bg5 f6 32. Bxf6 Rf8 33. g5
Nd6 34. Bxc6+ Kxc6 35. Be7 Rc8 36. Bxd6 cxd6 37. Ke3 Kd5 38. c4+ bxc4 39. Ra5+
Kc6 40. bxc4 Kb6 41. Rb5+ Kc6 42. Rb1 Kc5 43. Rg1 Rg8 44. g6 Kxc4 45. Kf4 Kd4
46. Kg5 Ke3 47. Re1+ Kxf3 48. Rxe6 d5 49. Kxh5 Kf4 50. Rf6+ Ke5 51. Kg5 d4 52.
Rf1 d3 53. h5 d2 54. h6 Ke6 55. h7 Rf8 56. Rd1 Rd8 57. g7 1-0

[Event "13sen.WMH 2003 Senioren"]
[Site "Bad Zwischenahn(17.11.-29.11.2003)"]
[Date "2003.11.29"]
[Round "4.14"]
[White "Lieb, Harald"]
[Black "Kock, Hans-Uwe"]
[Result "1/2-1/2"]
[WhiteElo "2273"]
[BlackElo "2090"]
[PlyCount "54"]


1. d4 Nf6 2. c4 g6 3. Nc3 Bg7 4. e4 d6 5. f3 O-O 6. Be3 e5 7. Nge2 c6 8. Qd2
Na6 9. d5 cxd5 10. cxd5 Bd7 11. Nc1 Ne8 12. Nb3 f5 13. Bxa6 bxa6 14. O-O Nf6
15. Rac1 Rf7 16. exf5 gxf5 17. Qf2 Be8 18. h3 f4 19. Bd2 a5 20. Be1 Rb8 21. Qe2
a4 22. Na1 Rfb7 23. Rf2 Qb6 24. b3 axb3 25. Nxb3 a5 26. Nd2 Bf7 27. Qd3 Qe3
1/2-1/2

[Event "13sen.WMH 2003 Senioren"]
[Site "Bad Zwischenahn(17.11.-29.11.2003)"]
[Date "2003.??.??"]
[Round "4.15"]
[White "Kraidman, Yair"]
[Black "Zunker, Reinhard,Dr."]
[Result "1/2-1/2"]
[WhiteElo "2297"]
[BlackElo "2132"]
[PlyCount "72"]


1. d4 Nf6 2. c4 g6 3. Nc3 Bg7 4. e4 d6 5. f3 O-O 6. Be3 a6 7. Bd3 c5 8. Nge2
Nc6 9. Bc2 cxd4 10. Nxd4 Ne5 11. b3 Bd7 12. Qd2 Qa5 13. Nd5 Qxd2+ 14. Kxd2 Nxd5
15. cxd5 Rfc8 16. h3 Be8 17. Rhc1 h6 18. Bd1 g5 19. Nf5 Bf8 20. f4 gxf4 21.
Bxf4 Kh7 22. Bxe5 dxe5 23. Ne3 e6 24. Bg4 Bb4+ 25. Ke2 Bc3 26. dxe6 Bb5+ 27.
Kf3 Bxa1 28. Rxa1 fxe6 29. Bxe6 Rc3 30. Rd1 Rf8+ 31. Bf5+ Kg7 32. Rd6 Rf6 33.
Rd2 h5 34. Kf2 Bc6 35. Ke2 Bb5+ 36. Kf3 Bc6 1/2-1/2

[Event "13sen.WMH 2003 Senioren"]
[Site "Bad Zwischenahn(17.11.-29.11.2003)"]
[Date "2003.??.??"]
[Round "4.16"]
[White "Ljubarskij, Jurij"]
[Black "Ballon, Guenther Jan"]
[Result "1-0"]
[WhiteElo "2212"]
[BlackElo "2156"]
[PlyCount "101"]


1. e4 e5 2. Nf3 Nc6 3. Bb5 g6 4. d4 exd4 5. Bg5 Be7 6. Bxe7 Ngxe7 7. Nxd4 d6 8.
Nc3 Bd7 9. Qd2 O-O 10. Nxc6 Bxc6 11. Bxc6 bxc6 12. O-O-O Qb8 13. h4 f6 14. f4
Qb4 15. a3 Qc4 16. h5 Rf7 17. hxg6 Nxg6 18. Rh3 Rg7 19. b3 Qc5 20. Kb2 Re8 21.
Rdh1 Ree7 22. Rh6 Ref7 23. R6h5 Qb6 24. Rf1 Nf8 25. Na4 Qb7 26. Rf2 Nd7 27. Qe3
Nb6 28. Nxb6 Qxb6 29. Qd2 Rg3 30. Re2 Rg6 31. Rf5 Qb7 32. e5 fxe5 33. Rxf7 Kxf7
34. fxe5 Qc8 35. Qf4+ Kg8 36. exd6 cxd6 37. Re7 Qf8 38. Qxf8+ Kxf8 39. Rxh7
Rxg2 40. Rxa7 Ke8 41. b4 Kd8 42. a4 Kc8 43. Kb3 Rg3+ 44. c3 d5 45. Kc2 Rh3 46.
Re7 Kb8 47. a5 Rg3 48. a6 Rg1 49. a7+ Ka8 50. Rc7 Rg6 51. Kd3 1-0